000 00522nam a2200181Ia 4500
999 _c29062
_d29062
003 OSt
005 20210107132339.0
008 190216s9999||||xx |||||||||||||| ||und||
020 _a9788124017081
040 _coclc
082 _a894.812
_bMUH/M
100 _aMuhammadali, V P
_97967
245 0 _aMappilappattukal Noottandukaliloode /
_cV P Muhammadali
260 _bCurrent Books,
_aKottayam:
_c2007.
300 _a236p
650 _aPadanam
942 _cBK
_2ddc
_h894.812
_iMUH/M
_k894.812
_mMUH/M